00774nam a2200229Ia 4500003000400000005001700004008004100021020002200062040000700084041000800091082002200099100002700121245006700148260003700215300001800252365001300270650002800283906006500311942001200376999001900388952013700407OSt20230315152147.0210423s2015 xx 000 0 und d a978-0-143-41925-9 cAL aeng a954.04 223bDASI aDAS (Gurcharan)975516 aIndia unbound: from independence to the global information age aHaryanabPenguin Books Ltdc2015 axxvii,419bPB b499cINR aHistory of India975517 aage ; global ; independence ; India ; information ; unbound: 2ddccBK c168512d168512 001040708ECOaSACPGbSACPGd2017-06-23eBiblios Book Pointg499.00l0o954.04 DASIpPG015014r2022-08-24 00:00:00w2021-04-26yBK